书目信息 |
| 题名: |
工程力学
|
|
| 作者: | 纪元 , 智刚 主编 | |
| 分册: | ||
| 出版信息: | 长春 吉林科学技术出版社 2012.07 |
|
| 页数: | 235页 | |
| 开本: | 26cm | |
| 丛书名: | ||
| 单 册: | ||
| 中图分类: | TB12 | |
| 科图分类: | ||
| 主题词: | 工程力学 | |
| 电子资源: | ||
| ISBN: | 978-7-5384-5848-0 | |
| 000 | 00821nam0 2200229 450 | |
| 001 | 2362996654 | |
| 005 | 20231214173035.69 | |
| 010 | @a978-7-5384-5848-0@d36.00CNY | |
| 100 | @a20100901d2012 em y0chiy0110 ea | |
| 101 | 0 | @achi |
| 102 | @aCN@b220000 | |
| 105 | @ay z 000yy | |
| 200 | 1 | @a工程力学@Agong cheng li xue@f纪元, 智刚主编 |
| 210 | @a长春@c吉林科学技术出版社@d2012.07 | |
| 215 | @a235页@d26cm | |
| 330 | @a本书由静力学、材料力学以及运动学与动力学三部分组成。静力学部分包括静力学基本概念空间力系等内容,主要研究受力分析和刚体的平衡问题,是材料力学的基础。材料力学部分包括轴向拉伸或压缩、扭转、强度理论、组合变形和压杆稳定等内容。 | |
| 606 | 0 | @a工程力学 |
| 690 | @aTB12@v5 | |
| 701 | 0 | @a纪元@Aji yuan@4主编 |
| 701 | 0 | @a智刚@Azhi gang@4主编 |
| 801 | 0 | @aCN@b辽宁北配@c20231205 |
| 905 | @aBZT@dTB12@e16 | |
| 工程力学/纪元, 智刚主编.-长春:吉林科学技术出版社,2012.07 |
| 235页;26cm |
| ISBN 978-7-5384-5848-0:36.00CNY |
| 本书由静力学、材料力学以及运动学与动力学三部分组成。静力学部分包括静力学基本概念空间力系等内容,主要研究受力分析和刚体的平衡问题,是材料力学的基础。材料力学部分包括轴向拉伸或压缩、扭转、强度理论、组合变形和压杆稳定等内容。 |
| ● |
| 相关链接 |
|
|
|
正题名:工程力学
索取号:TB12/16
 
预约/预借
| 序号 | 登录号 | 条形码 | 馆藏地/架位号 | 状态 | 备注 |
| 1 | 2001612554 | 2001612554 | 辽三/辽宁北配(第三批)/2412/ [索取号:TB12/16] | 在馆 | |
| 2 | 2001612555 | 2001612555 | 辽三/辽宁北配(第三批)/2412/ [索取号:TB12/16] | 在馆 | |
| 3 | 2001612556 | 2001612556 | 辽三/辽宁北配(第三批)/2412/ [索取号:TB12/16] | 在馆 | |
| 4 | 2001612557 | 2001612557 | 辽三/辽宁北配(第三批)/2412/ [索取号:TB12/16] | 在馆 | |
| 5 | 2001612558 | 2001612558 | 辽三/辽宁北配(第三批)/2412/ [索取号:TB12/16] | 在馆 | |
| 6 | 2001612559 | 2001612559 | 辽三/辽宁北配(第三批)/2412/ [索取号:TB12/16] | 在馆 | |
| 7 | 2001612560 | 2001612560 | 辽三/辽宁北配(第三批)/2412/ [索取号:TB12/16] | 在馆 | |
| 8 | 2001612561 | 2001612561 | 辽三/辽宁北配(第三批)/2412/ [索取号:TB12/16] | 在馆 | |
| 9 | 2001612562 | 2001612562 | 辽三/辽宁北配(第三批)/2412/ [索取号:TB12/16] | 在馆 | |
| 10 | 2001612563 | 2001612563 | 辽三/辽宁北配(第三批)/2412/ [索取号:TB12/16] | 在馆 | |
| 11 | 2001612564 | 2001612564 | 辽三/辽宁北配(第三批)/2412/ [索取号:TB12/16] | 在馆 | |
| 12 | 2001612565 | 2001612565 | 辽三/辽宁北配(第三批)/2412/ [索取号:TB12/16] | 在馆 | |
| 13 | 2001612566 | 2001612566 | 辽三/辽宁北配(第三批)/2412/ [索取号:TB12/16] | 在馆 | |
| 14 | 2001612567 | 2001612567 | 辽三/辽宁北配(第三批)/2412/ [索取号:TB12/16] | 在馆 | |
| 15 | 2001612568 | 2001612568 | 辽三/辽宁北配(第三批)/2412/ [索取号:TB12/16] | 在馆 | |
| 16 | 2001612569 | 2001612569 | 辽三/辽宁北配(第三批)/2412/ [索取号:TB12/16] | 在馆 | |
| 17 | 2001612570 | 2001612570 | 辽三/辽宁北配(第三批)/2412/ [索取号:TB12/16] | 在馆 | |
| 18 | 2001612571 | 2001612571 | 辽三/辽宁北配(第三批)/2412/ [索取号:TB12/16] | 在馆 | |
| 19 | 2001612572 | 2001612572 | 辽三/辽宁北配(第三批)/2412/ [索取号:TB12/16] | 在馆 | |
| 20 | 2001612573 | 2001612573 | 辽三/辽宁北配(第三批)/2412/ [索取号:TB12/16] | 在馆 | |
| 21 | 2001612574 | 2001612574 | 辽三/辽宁北配(第三批)/2412/ [索取号:TB12/16] | 在馆 | |
| 22 | 2001612575 | 2001612575 | 辽三/辽宁北配(第三批)/2412/ [索取号:TB12/16] | 在馆 | |
| 23 | 2001612576 | 2001612576 | 辽三/辽宁北配(第三批)/2412/ [索取号:TB12/16] | 在馆 | |
| 24 | 2001612577 | 2001612577 | 辽三/辽宁北配(第三批)/2412/ [索取号:TB12/16] | 在馆 | |
| 25 | 2001612578 | 2001612578 | 辽三/辽宁北配(第三批)/2412/ [索取号:TB12/16] | 在馆 | |
| 26 | 2001612579 | 2001612579 | 辽三/辽宁北配(第三批)/2412/ [索取号:TB12/16] | 在馆 | |
| 27 | 2001612580 | 2001612580 | 辽三/辽宁北配(第三批)/2412/ [索取号:TB12/16] | 在馆 | |
| 28 | 2001612581 | 2001612581 | 辽三/辽宁北配(第三批)/2412/ [索取号:TB12/16] | 在馆 | |
| 29 | 2001612582 | 2001612582 | 辽三/辽宁北配(第三批)/2412/ [索取号:TB12/16] | 在馆 | |
| 30 | 2001612583 | 2001612583 | 辽三/辽宁北配(第三批)/2412/ [索取号:TB12/16] | 在馆 |